Capital Songs - Statistics

General Stats
  • This quiz has been taken 57 times
    28 since last reset
  • The average score is 6 of 15
Answer Stats
Artist Song Title % Correct
The Clash {London}'s Calling
92%
Camila Cabello Havana
71%
Blink-182 {Stockholm} Syndrome
63%
George Ezra Budapest
54%
Ronnie Hilton A Windmill in Old {Amsterdam}
50%
Dionne Warwick Do You Know the Way to {San} {Jose}
46%
Ultravox Vienna
46%
Murray Head One Night in {Bangkok}
42%
Madness Night Boat to {Cairo}
38%
Outkast Bombs Over {Baghdad}
33%
UB40 {Kingston} Town
29%
Michael Jackson Stranger in {Moscow}
29%
U2 Miss {Sarajevo}
25%
Deep Purple Woman From {Tokyo}
21%
Bob Seger Kathmandu
8%
No matching quizzes found
Score Distribution
Percent of People with Each Score
Percentile by Number Answered
Your Score History
You have not taken this quiz since the last reset